书目信息 |
| 题名: |
公差配合与测量技术
|
|
| 作者: | 冯丽萍 主编 | |
| 分册: | ||
| 出版信息: | 北京 机械工业出版社 2009.01 |
|
| 页数: | 175页 | |
| 开本: | 26cm | |
| 丛书名: | ||
| 单 册: | ||
| 中图分类: | TG8 | |
| 科图分类: | ||
| 主题词: | 公差--gong chai--配合--高等教育--教材 , 技术测量--ji shu ce liang--配合--高等教育--教材 | |
| 电子资源: | ||
| ISBN: | 978-7-111-23113-4 | |
| 000 | 00979nam0 2200265 450 | |
| 001 | 012009597906 | |
| 005 | 20090916145405.85 | |
| 010 | @a978-7-111-23113-4@dCNY18.00 | |
| 100 | @a20090916d2009 em y0chiy0120 ea | |
| 101 | 0 | @achi |
| 102 | @aCN@b110000 | |
| 105 | @aak a 000yy | |
| 106 | @ar | |
| 200 | 1 | @a公差配合与测量技术@Agong chai pei he yu ce liang ji shu@f冯丽萍主编@Ffeng li ping zhu bian |
| 210 | @a北京@c机械工业出版社@d2009.01 | |
| 215 | @a175页@c图@d26cm | |
| 300 | @a高职高专“十一五”机电类专业规划教材 | |
| 320 | @a有书目 | |
| 330 | @a全书共分9章,主要包括尺寸公差与配合、测量技术基础、形位公差与检测、表面粗糙度及测量、圆锥公差与检测、光滑极限量规、常用联接件的公差与检测、渐开线圆柱齿轮的公差与检测等。 | |
| 606 | 0 | @a公差@Agong chai@x配合@x高等教育@j教材 |
| 606 | 0 | @a技术测量@Aji shu ce liang@x配合@x高等教育@j教材 |
| 690 | @aTG8@v4 | |
| 701 | 0 | @a冯丽萍@Afeng li ping@4主编 |
| 801 | 0 | @aCN@bQSSK@c20090916 |
| 905 | @b751567-69@dTG8@eF484@f3 | |
| 公差配合与测量技术/冯丽萍主编.-北京:机械工业出版社,2009.01 |
| 175页:图;26cm |
| 高职高专“十一五”机电类专业规划教材 |
| ISBN 978-7-111-23113-4:CNY18.00 |
| 全书共分9章,主要包括尺寸公差与配合、测量技术基础、形位公差与检测、表面粗糙度及测量、圆锥公差与检测、光滑极限量规、常用联接件的公差与检测、渐开线圆柱齿轮的公差与检测等。 |
| ● |
| 相关链接 |
|
|
|
正题名:公差配合与测量技术
索取号:TG8/F484
 
预约/预借
| 序号 | 登录号 | 条形码 | 馆藏地/架位号 | 状态 | 备注 |
| 1 | 751567 | 207515679 | 自科库501/501自科库 29排4列4层/ [索取号:TG8/F484] | 在馆 | |
| 2 | 751568 | 207515688 | 自科库501/501自科库 29排4列4层/ [索取号:TG8/F484] | 在馆 | |
| 3 | 751569 | 207515697 | 自科库501/501自科库 29排4列4层/ [索取号:TG8/F484] | 在馆 |